[Event "Galicia-ch U18 2021"]
[Site "Padron"]
[Date "2021.04.02"]
[Round "4.5"]
[White "Reza Salgado, Marcos"]
[Black "Perez Dapoza, Cesar"]
[Result "0-1"]
[WhiteElo "1660"]
[BlackElo "1885"]
[Annotator "NA"]
[PlyCount "66"]
[EventDate "2021.04.02"]
[EventType "swiss"]
[EventCountry "ESP"]
[SourceTitle "playchess.com"]
[Source "ChessBase"]
[SourceQuality "1"]
[TimeControl "5400+30"]

1. Nf3 {[%emt 0:00:00]} d5 {[%emt 0:00:00]} 2. d4 {[%emt 0:00:15]} e6 {[%emt 0:00:22]} 3. e3 {[%emt 0:01:14]} Nf6 {[%emt 0:03:38]} 4. Bd3 {[%emt 0:01:13]} Nbd7 {[%emt 0:01:43]} 5. Nbd2 {[%emt 0:01:35]} b6 {[%emt 0:02:14]} 6. b3 {[%emt 0:02:46]} Bb7 {[%emt 0:00:35]} 7. Bb2 {[%emt 0:00:06]} Ne4 {[%emt 0:05:55]} 8. c4 {[%emt 0:02:29]} Bd6 {[%emt 0:08:25]} 9. O-O {[%emt 0:09:55]} O-O {[%emt 0:03:09]} 10. Qe2 {[%emt 0:02:03]} f5 {[%emt 0:10:26]} 11. Ne5 {[%emt 0:07:54]} Nxd2 {[%emt 0:09:54]} 12. Qxd2 {[%emt 0:04:12]} Nxe5 {[%emt 0:04:23]} 13. dxe5 {[%emt 0:00:24]} Bc5 {[%emt 0:00:49]} 14. Rfd1 {[%emt 0:06:16]} Qg5 {[%emt 0:08:02]} 15. g3 {[%emt 0:02:25]} Rad8 {[%emt 0:05:37]} 16. f4 {[%emt 0:03:50]} Qh6 {[%emt 0:00:12]} 17. Qe1 {[%emt 0:04:04]} Qh5 {[%emt 0:13:55]} 18. Bd4 {[%emt 0:06:25]} dxc4 {[%emt 0:01:56]} 19. Be2 {[%emt 0:00:20]} Qe8 {[%emt 0:01:12]} 20. Bxc5 {[%emt 0:14:10]} Qc6 {[%emt 0:01:45]} 21. Qf1 {[%emt 0:01:09]} Qh1+ {[%emt 0:01:37]} 22. Kf2 {[%emt 0:00:04]} Qxh2+ {[%emt 0:00:14]} 23. Ke1 {[%emt 0:00:01]} Qxg3+ {[%emt 0:01:39]} 24. Qf2 {[%emt 0:00:08]} Qxf2+ {[%emt 0:00:10]} 25. Kxf2 {[%emt 0:00:01]} bxc5 {[%emt 0:00:10]} 26. Bxc4 {[%emt 0:00:58]} Kf7 {[%emt 0:00:01]} 27. Rac1 {[%emt 0:01:44]} Be4 {[%emt 0:01:31]} 28. Rxd8 {[%emt 0:02:00]} Rxd8 {[%emt 0:00:02]} 29. Bf1 {[%emt 0:00:07]} Rd2+ {[%emt 0:00:15]} 30. Kg3 {[%emt 0:00:00]} Rc2 {[%emt 0:00:23]} 31. Rd1 {[%emt 0:00:16]} Ke7 {[%emt 0:00:01]} 32. Bb5 {[%emt 0:00:16]} Bd5 {[%emt 0:01:58]} 33. a4 {[%emt 0:00:25]} Rc3 0-1

[Event "Galicia-ch U18 2021"]
[Site "Padron"]
[Date "2021.04.02"]
[Round "4.6"]
[White "Alvarez Pampillon, Antonio"]
[Black "Reza Salgado, Miguel"]
[Result "1-0"]
[WhiteElo "1860"]
[BlackElo "1718"]
[Annotator "NA"]
[PlyCount "81"]
[EventDate "2021.04.02"]
[EventType "swiss"]
[EventCountry "ESP"]
[SourceTitle "playchess.com"]
[Source "ChessBase"]
[SourceQuality "1"]
[TimeControl "5400+30"]

1. g3 {[%emt 0:00:00]} Nf6 {[%emt 0:00:16]} 2. Bg2 {[%emt 0:00:00]} d5 {[%emt 0:00:21]} 3. c4 {[%emt 0:00:00]} e6 {[%emt 0:00:48]} 4. Nf3 {[%emt 0:00:00]} Be7 {[%emt 0:01:22]} 5. O-O {[%emt 0:00:10]} O-O {[%emt 0:00:15]} 6. Nc3 {[%emt 0:00:38]} d4 {[%emt 0:04:53]} 7. Nb1 {[%emt 0:00:05]} c5 {[%emt 0:00:24]} 8. d3 {[%emt 0:00:05]} Nc6 {[%emt 0:00:31]} 9. Na3 {[%emt 0:00:14]} a6 {[%emt 0:00:32]} 10. Nc2 {[%emt 0:00:34]} e5 {[%emt 0:01:05]} 11. Rb1 {[%emt 0:00:17]} Qc7 {[%emt 0:01:21]} 12. a3 {[%emt 0:00:11]} Rb8 {[%emt 0:06:07]} 13. b4 {[%emt 0:09:09]} cxb4 {[%emt 0:00:57]} 14. Nxb4 {[%emt 0:01:48]} Bxb4 {[%emt 0:17:51]} 15. axb4 {[%emt 0:00:03]} b5 {[%emt 0:00:24]} 16. e3 {[%emt 0:09:21]} bxc4 {[%emt 0:01:10]} 17. exd4 {[%emt 0:01:02]} Bf5 {[%emt 0:01:48]} 18. Nxe5 {[%emt 0:06:05]} Nxd4 {[%emt 0:02:17]} 19. Nxc4 {[%emt 0:04:30]} Ne6 {[%emt 0:03:24]} 20. Bb2 {[%emt 0:17:39]} Rxb4 {[%emt 0:03:40]} 21. Ne3 {[%emt 0:12:37]} Rfb8 {[%emt 0:14:13]} 22. Rc1 {[%emt 0:01:35]} Qd8 {[%emt 0:09:22]} 23. Bxf6 {[%emt 0:01:02]} Qxf6 {[%emt 0:06:17]} 24. Nd5 {[%emt 0:00:02]} Qd8 {[%emt 0:00:26]} 25. Nxb4 {[%emt 0:01:13]} Rxb4 {[%emt 0:00:09]} 26. Rc4 {[%emt 0:03:01]} Rb8 {[%emt 0:03:18]} 27. Be4 {[%emt 0:08:10]} Bh3 {[%emt 0:00:28]} 28. Bg2 {[%emt 0:08:39]} Bf5 {[%emt 0:00:46]} 29. d4 {[%emt 0:00:35]} h6 {[%emt 0:02:11]} 30. d5 {[%emt 0:00:40]} Nc7 {[%emt 0:00:28]} 31. Qf3 {[%emt 0:06:53]} Qd7 {[%emt 0:01:17]} 32. Rxc7 {[%emt 0:00:26]} Qxc7 {[%emt 0:00:18]} 33. Qxf5 {[%emt 0:00:02]} Rd8 {[%emt 0:00:47]} 34. Qb1 {[%emt 0:01:58]} a5 {[%emt 0:00:15]} 35. Rc1 {[%emt 0:00:16]} Qd6 {[%emt 0:00:22]} 36. Rc6 {[%emt 0:00:59]} Qa3 {[%emt 0:00:26]} 37. d6 {[%emt 0:01:13]} a4 {[%emt 0:01:09]} 38. d7 {[%emt 0:00:35]} Qe7 {[%emt 0:00:30]} 39. Bh3 {[%emt 0:00:52]} a3 {[%emt 0:00:24]} 40. Rc8 {[%emt 0:00:30]} g6 {[%emt 0:00:25]} 41. Qb8 {[%emt 0:04:28]} 1-0

[Event "Galicia-ch U18 2021"]
[Site "Padron"]
[Date "2021.04.03"]
[Round "5.1"]
[White "Rodriguez Ferreiros, Andres"]
[Black "Gonzalez Taboada, Lorenzo"]
[Result "1/2-1/2"]
[WhiteElo "2123"]
[BlackElo "1609"]
[Annotator "TA"]
[PlyCount "49"]
[EventDate "2021.04.02"]
[EventType "swiss"]
[EventCountry "ESP"]
[SourceTitle "playchess.com"]
[Source "ChessBase"]
[SourceQuality "1"]

{[%evp 10,49,23,11,25,8,13,2,0,4,-2,-29,-14,-70,-32,-18,-14,-19,-10,-29,-35,-43,-13,-56,0,0,0,-106,-107,-235,-172,-201,0,0,0,0,0,0,0,0,0,0]} 1. e4 e6 2. d4 d5 3. Nd2 dxe4 4. Nxe4 Nd7 5. Bd3 Ngf6 6. Ne2 Be7 {C10: French with 3 Nc3: Unusual Black 3rd moves and 3...dxe4.} 7. O-O O-O 8. b3 b6 9. Bb2 Bb7 {[#]} 10. N4g3 $146 ({Predecessor:} 10. N2g3 Nxe4 11. Nxe4 Nf6 12. f3 c5 13. dxc5 Nxe4 14. fxe4 Bxc5+ 15. Kh1 Bd4 16. Bxd4 Qxd4 {½-½ (37) John,W-Przepiorka,D Duesseldorf 1908}) 10... c5 11. a4 (11. Re1 $11) 11... cxd4 12. Nxd4 a6 13. Re1 Re8 14. Bc4 Nf8 15. Qe2 Ng6 16. Nf3 (16. Nxe6 $5 fxe6 17. Qxe6+ Kh8 18. Rad1 $15) 16... Bc5 (16... Qc7 $15) 17. Rad1 $11 Qe7 18. Qf1 (18. Bxf6 $11 Qxf6 19. Ne4) 18... Ng4 $17 {And now ...Nh4 would win.} 19. Rd2 (19. Bd4 $17 {might work better.}) 19... Bxf3 20. gxf3 {[#]} Nxh2 21. Kxh2 $11 {The position is equal.} Nf4 {White must now prevent ...Qh4+.} 22. Bd4 Qh4+ 23. Kg1 Nh3+ 24. Kg2 {Hoping for Be3.} Nf4+ 25. Kg1 {Weighted Error Value: White=0.32/Black=0.23} 1/2-1/2

[Event "Galicia-ch U18 2021"]
[Site "Padron"]
[Date "2021.04.03"]
[Round "5.2"]
[White "Buitron Ramil, David"]
[Black "Bringas Gomez, Artai"]
[Result "1-0"]
[WhiteElo "1934"]
[BlackElo "2120"]
[Annotator "NA"]
[PlyCount "103"]
[EventDate "2021.04.02"]
[EventType "swiss"]
[EventCountry "ESP"]
[SourceTitle "playchess.com"]
[Source "ChessBase"]
[SourceQuality "1"]
[TimeControl "5400+30"]

1. e4 {[%emt 0:07:14]} d6 {[%emt 0:00:00]} 2. d4 {[%emt 0:00:06]} Nf6 {[%emt 0:00:00]} 3. Nc3 {[%emt 0:00:05]} e5 {[%emt 0:00:01]} 4. Nge2 {[%emt 0:00:24]} Nc6 {[%emt 0:00:24]} 5. f3 {[%emt 0:00:27]} g6 {[%emt 0:03:28]} 6. Be3 {[%emt 0:00:15]} Bg7 {[%emt 0:00:06]} 7. Qd2 {[%emt 0:00:35]} d5 {[%emt 0:10:57]} 8. exd5 {[%emt 0:05:55]} Nxd5 {[%emt 0:00:45]} 9. Nxd5 {[%emt 0:02:09]} Qxd5 {[%emt 0:00:10]} 10. Nc3 {[%emt 0:00:04]} Qd8 {[%emt 0:11:08]} 11. d5 {[%emt 0:01:00]} Nd4 {[%emt 0:01:16]} 12. O-O-O {[%emt 0:02:31]} Nf5 {[%emt 0:01:37]} 13. Bb5+ {[%emt 0:03:50]} Bd7 {[%emt 0:01:03]} 14. Bg5 {[%emt 0:00:03]} f6 {[%emt 0:00:52]} 15. g4 {[%emt 0:00:56]} Nd4 {[%emt 0:04:05]} 16. Bxd7+ {[%emt 0:01:15]} Qxd7 {[%emt 0:04:19]} 17. Be3 {[%emt 0:00:07]} O-O {[%emt 0:09:12]} 18. Bxd4 {[%emt 0:00:28]} exd4 {[%emt 0:00:07]} 19. Qxd4 {[%emt 0:00:09]} f5 {[%emt 0:01:21]} 20. Qc4 {[%emt 0:00:19]} b5 {[%emt 0:07:42]} 21. Nxb5 {[%emt 0:09:20]} Kh8 {[%emt 0:03:22]} 22. Qc6 {[%emt 0:01:22]} Qe7 {[%emt 0:02:13]} 23. Kb1 {[%emt 0:15:14]} Rab8 {[%emt 0:01:00]} 24. c3 {[%emt 0:00:54]} Qe2 {[%emt 0:06:10]} 25. a4 {[%emt 0:00:21]} fxg4 {[%emt 0:02:45]} 26. Qxc7 {[%emt 0:10:53]} a6 {[%emt 0:06:08]} 27. Rhe1 {[%emt 0:00:31]} Qxf3 {[%emt 0:02:47]} 28. d6 {[%emt 0:03:20]} axb5 {[%emt 0:01:09]} 29. d7 {[%emt 0:00:20]} Rbd8 {[%emt 0:03:52]} 30. Rd2 {[%emt 0:01:52]} Qf5+ {[%emt 0:00:36]} 31. Ka1 {[%emt 0:00:21]} Bf6 {[%emt 0:06:40]} 32. a5 {[%emt 0:02:07]} b4 {[%emt 0:00:25]} 33. cxb4 {[%emt 0:00:55]} Qb5 {[%emt 0:00:06]} 34. Qc5 {[%emt 0:00:43]} Qa4+ {[%emt 0:00:34]} 35. Kb1 {[%emt 0:00:08]} Kg7 {[%emt 0:00:04]} 36. Re3 {[%emt 0:05:37]} Bh4 {[%emt 0:01:23]} 37. Qd4+ {[%emt 0:01:45]} Bf6 {[%emt 0:01:38]} 38. Qxg4 {[%emt 0:04:07]} Bg5 {[%emt 0:02:23]} 39. Qd4+ {[%emt 0:00:35]} Bf6 {[%emt 0:00:06]} 40. Qc4 {[%emt 0:02:48]} Rxd7 {[%emt 0:01:41]} 41. Ra3 {[%emt 0:00:13]} Rxd2 {[%emt 0:00:10]} 42. Rxa4 {[%emt 0:00:02]} Rxb2+ {[%emt 0:00:16]} 43. Kc1 {[%emt 0:00:07]} Re8 {[%emt 0:00:36]} 44. Kd1 {[%emt 0:01:49]} Rd8+ {[%emt 0:00:24]} 45. Ke1 {[%emt 0:00:47]} Re8+ {[%emt 0:01:21]} 46. Kf1 {[%emt 0:00:09]} Rd8 {[%emt 0:01:21]} 47. Ra1 {[%emt 0:01:31]} Rdd2 {[%emt 0:01:08]} 48. Qc7+ {[%emt 0:01:56]} Kh6 {[%emt 0:01:30]} 49. Qf4+ {[%emt 0:01:13]} Bg5 {[%emt 0:00:57]} 50. Qf8+ {[%emt 0:00:03]} Kh5 {[%emt 0:00:04]} 51. a6 {[%emt 0:00:11]} Rxb4 {[%emt 0:02:01]} 52. Qxb4 {[%emt 0:00:34]} 1-0

[Event "Galicia-ch U18 2021"]
[Site "Padron"]
[Date "2021.04.03"]
[Round "5.3"]
[White "Ferreno Sanmartin, Angel"]
[Black "Martinez Montes, Juan Manuel"]
[Result "1/2-1/2"]
[WhiteElo "2152"]
[BlackElo "1873"]
[Annotator "TA"]
[PlyCount "51"]
[EventDate "2021.04.02"]
[EventType "swiss"]
[EventCountry "ESP"]
[SourceTitle "playchess.com"]
[Source "ChessBase"]
[SourceQuality "1"]

{[%evp 17,51,31,29,29,32,49,67,9,52,14,89,87,70,80,152,145,154,166,138,133,178,95,110,94,112,102,149,157,147,112,180,187,157,0,10,-11]} 1. e4 c5 2. Nf3 d6 3. d4 cxd4 4. Nxd4 Nf6 5. Nc3 a6 6. Bg5 e6 7. f4 Qc7 8. Qe2 Nbd7 9. O-O-O b5 10. a3 {B96: Sicilian Najdorf: 6 Bg5 e6 7 f4, lines other than 7...Qb6 and 7...Be7.} Bb7 {10...Be7 is more fashionable.} 11. g4 Rc8 12. Rg1 (12. Bxf6 $14 gxf6 13. Kb1) 12... Be7 13. Kb1 {[#]} Qc5 $146 (13... Qb6 $11) ({Predecessor:} 13... Nb6 14. Bxf6 gxf6 15. f5 e5 16. Nb3 h5 17. gxh5 Bf8 18. Rg3 Bh6 19. Nc1 Nc4 {½-½ (36) Gusain,H (2440)-Amonatov,F (2614) Mumbai 2016}) 14. Bg2 b4 {[#]} 15. Nb3 $1 Qc4 (15... Qb6 $142 16. axb4 h6) 16. Qxc4 $16 Rxc4 {[#]} 17. Na5 $1 {[%mdl 64] Double Attack} Rc7 18. axb4 h6 19. Nxb7 (19. Bh4 $18) 19... hxg5 20. Nxd6+ Bxd6 21. Rxd6 Rxh2 22. fxg5 Nxg4 23. Bf1 Ne3 (23... Nge5 $16) 24. Bd3 $18 ({Worse is} 24. Bxa6 Ke7 $11) 24... Rb7 25. Bxa6 (25. Rg3 $16 Ke7 26. Rxa6 Rh1+ 27. Ka2) 25... Rxb4 $11 26. Rc1 {Weighted Error Value: White=0.36/Black=0.29} ({Don't go for} 26. Bb5 $2 Rxc2 27. Ka1 (27. Bxd7+ $2 Ke7 $19) 27... Rcxb2 $19) 1/2-1/2

[Event "Galicia-ch U18 2021"]
[Site "Padron"]
[Date "2021.04.03"]
[Round "5.4"]
[White "Perez Dapoza, Cesar"]
[Black "Alvarez Pampillon, Antonio"]
[Result "1-0"]
[WhiteElo "1885"]
[BlackElo "1860"]
[Annotator "NA"]
[PlyCount "109"]
[EventDate "2021.04.02"]
[EventType "swiss"]
[EventCountry "ESP"]
[SourceTitle "playchess.com"]
[Source "ChessBase"]
[SourceQuality "1"]
[TimeControl "5400+30"]

1. d4 {[%emt 0:00:00]} g6 {[%emt 0:00:00]} 2. e4 {[%emt 0:00:09]} c5 {[%emt 0:00:00]} 3. d5 {[%emt 0:02:27]} d6 {[%emt 0:00:00]} 4. Bd2 {[%emt 0:01:19]} Bg7 {[%emt 0:00:01]} 5. Bc3 {[%emt 0:01:06]} Nf6 {[%emt 0:00:17]} 6. Nf3 {[%emt 0:02:44]} O-O {[%emt 0:01:07]} 7. Nbd2 {[%emt 0:05:23]} Bg4 {[%emt 0:00:28]} 8. Bd3 {[%emt 0:04:16]} Nbd7 {[%emt 0:03:01]} 9. h3 {[%emt 0:06:31]} Bxf3 {[%emt 0:00:17]} 10. Qxf3 {[%emt 0:00:02]} Rb8 {[%emt 0:02:19]} 11. a4 {[%emt 0:00:16]} e6 {[%emt 0:10:37]} 12. O-O {[%emt 0:12:09]} Ne8 {[%emt 0:11:48]} 13. Bxg7 {[%emt 0:02:33]} Nxg7 {[%emt 0:00:09]} 14. Nc4 {[%emt 0:03:44]} Qe7 {[%emt 0:00:25]} 15. dxe6 {[%emt 0:04:01]} fxe6 {[%emt 0:01:17]} 16. Qg3 {[%emt 0:00:01]} d5 {[%emt 0:01:50]} 17. exd5 {[%emt 0:03:21]} exd5 {[%emt 0:00:02]} 18. Rae1 {[%emt 0:01:43]} Qf6 {[%emt 0:23:02]} 19. Ne3 {[%emt 0:08:15]} Qe5 {[%emt 0:06:42]} 20. Qxe5 {[%emt 0:05:18]} Nxe5 {[%emt 0:00:02]} 21. Nxd5 {[%emt 0:00:01]} Nxd3 {[%emt 0:00:01]} 22. cxd3 {[%emt 0:00:01]} Rbd8 {[%emt 0:00:40]} 23. Re5 {[%emt 0:00:56]} Rd6 {[%emt 0:00:01]} 24. Rfe1 {[%emt 0:00:47]} Rfd8 {[%emt 0:00:21]} 25. Nf4 {[%emt 0:01:14]} Rd4 {[%emt 0:00:02]} 26. g3 {[%emt 0:00:52]} b6 {[%emt 0:04:44]} 27. Re7 {[%emt 0:00:47]} Ra8 {[%emt 0:03:31]} 28. Rxg7+ {[%emt 0:02:35]} Kxg7 {[%emt 0:00:02]} 29. Ne6+ {[%emt 0:00:07]} Kf6 {[%emt 0:00:11]} 30. Nxd4 {[%emt 0:00:05]} cxd4 {[%emt 0:00:01]} 31. Re4 {[%emt 0:00:27]} Rc8 {[%emt 0:08:41]} 32. Rxd4 {[%emt 0:00:31]} Ke6 {[%emt 0:00:01]} 33. Re4+ {[%emt 0:03:28]} Kd6 {[%emt 0:00:00]} 34. Rd4+ {[%emt 0:01:31]} Ke6 {[%emt 0:00:28]} 35. Rc4 {[%emt 0:00:59]} Rxc4 {[%emt 0:18:45]} 36. dxc4 {[%emt 0:00:09]} Ke5 {[%emt 0:00:01]} 37. f4+ {[%emt 0:01:22]} Kd4 {[%emt 0:00:01]} 38. b3 {[%emt 0:00:38]} a5 {[%emt 0:00:09]} 39. Kf2 {[%emt 0:02:25]} Ke4 {[%emt 0:00:09]} 40. Ke2 {[%emt 0:03:51]} h5 {[%emt 0:08:01]} 41. h4 {[%emt 0:00:02]} Kd4 {[%emt 0:00:34]} 42. Kf3 {[%emt 0:00:49]} Kc3 {[%emt 0:00:16]} 43. g4 {[%emt 0:00:07]} hxg4+ {[%emt 0:00:19]} 44. Kxg4 {[%emt 0:00:36]} Kxb3 {[%emt 0:00:10]} 45. f5 {[%emt 0:00:19]} gxf5+ {[%emt 0:00:07]} 46. Kxf5 {[%emt 0:00:02]} Kxa4 {[%emt 0:01:17]} 47. h5 {[%emt 0:00:07]} Kb4 {[%emt 0:00:06]} 48. h6 {[%emt 0:00:07]} Kxc4 {[%emt 0:00:19]} 49. h7 {[%emt 0:00:07]} a4 {[%emt 0:01:17]} 50. h8=Q {[%emt 0:00:08]} a3 {[%emt 0:00:20]} 51. Qa1 {[%emt 0:00:27]} Kb3 {[%emt 0:00:11]} 52. Ke4 {[%emt 0:00:12]} b5 {[%emt 0:00:13]} 53. Kd3 {[%emt 0:00:13]} a2 {[%emt 0:01:28]} 54. Qc3+ {[%emt 0:00:05]} Ka4 {[%emt 0:00:05]} 55. Qb2 {[%emt 0:00:06]} 1-0

[Event "Galicia-ch U18 2021"]
[Site "Padron"]
[Date "2021.04.03"]
[Round "5.5"]
[White "Sanroman Costas, Mauro"]
[Black "Diaz Gomez, Mateo"]
[Result "1-0"]
[WhiteElo "1784"]
[BlackElo "1776"]
[Annotator "NA RC"]
[PlyCount "65"]
[EventDate "2021.04.02"]
[EventType "swiss"]
[EventCountry "ESP"]
[SourceTitle "playchess.com"]
[Source "ChessBase"]
[SourceQuality "1"]
[TimeControl "5400+30"]

1. e4 {[%emt 0:00:00]} c5 {[%emt 0:00:00]} 2. Nf3 {[%emt 0:00:00]} Nc6 {[%emt 0:00:00]} 3. d4 {[%emt 0:00:00]} cxd4 {[%emt 0:00:00]} 4. Nxd4 {[%emt 0:00:00]} Nf6 {[%emt 0:00:00]} 5. Nc3 {[%emt 0:00:00]} e5 {[%emt 0:00:00]} 6. Ndb5 {[%emt 0:00:00]} d6 {[%emt 0:00:01]} 7. Nd5 {[%emt 0:00:00]} Nxd5 {[%emt 0:00:38]} 8. exd5 {[%emt 0:00:00]} Ne7 {[%emt 0:00:43]} 9. c3 {[%emt 0:00:17]} Nf5 {[%emt 0:05:05]} 10. Qa4 {[%emt 0:05:23]} Bd7 {[%emt 0:04:54]} 11. Qb4 {[%emt 0:01:55]} a6 {[%emt 0:02:35]} 12. Na3 {[%emt 0:02:00]} b5 {[%emt 0:05:37]} 13. Nc2 {[%emt 0:01:44]} Be7 {[%emt 0:04:12]} 14. Bd3 {[%emt 0:03:59]} Nh4 {[%emt 0:05:35]} 15. Ne3 {[%emt 0:05:58]} f5 {[%emt 0:02:40]} 16. f4 {[%emt 0:06:08]} a5 {[%emt 0:09:07]} 17. Qb3 {[%emt 0:08:53]} exf4 {[%emt 0:00:39]} 18. Nd1 {[%emt 0:00:29]} Nxg2+ {[%emt 0:08:50]} 19. Kf2 {[%emt 0:08:40]} Ne3 {[%emt 0:02:26]} 20. Nxe3 {[%emt 0:08:53]} fxe3+ {[%emt 0:00:09]} 21. Bxe3 {[%emt 0:01:15]} f4 {[%emt 0:06:51]} 22. Bd4 {[%emt 0:03:33]} Bh4+ {[%emt 0:04:48]} 23. Ke2 {[%emt 0:06:41]} f3+ {[%emt 0:06:45]} 24. Kd1 {[%emt 0:03:03]} O-O {[%emt 0:02:19]} 25. Qc2 {[%emt 0:07:35]} h6 {[%emt 0:07:21]} 26. Bh7+ {[%emt 0:08:31]} Kh8 {[%emt 0:00:01]} 27. Bxg7+ {[%emt 0:00:19]} Kxg7 {[%emt 0:00:02]} 28. Qg6+ {[%emt 0:00:02]} Kh8 {[%emt 0:00:12]} 29. Bg8 {[%emt 0:00:13]} Bf5 {[%emt 0:02:49]} 30. Qxh6+ {[%emt 0:00:27]} Kxg8 {[%emt 0:00:06]} 31. Rg1+ {[%emt 0:00:10]} Kf7 {[%emt 0:00:18]} 32. Rg7+ {[%emt 0:00:12]} Ke8 {[%emt 0:00:11]} 33. Qh5+ 1-0

[Event "Galicia-ch U18 2021"]
[Site "Padron"]
[Date "2021.04.03"]
[Round "5.6"]
[White "Rey Chimera, Luca"]
[Black "Vazquez Porta, Andres"]
[Result "1/2-1/2"]
[WhiteElo "1639"]
[BlackElo "1580"]
[Annotator "NA RC"]
[PlyCount "56"]
[EventDate "2021.04.02"]
[EventType "swiss"]
[EventCountry "ESP"]
[SourceTitle "playchess.com"]
[Source "ChessBase"]
[SourceQuality "1"]
[TimeControl "5400+30"]

1. e4 {[%emt 0:00:00]} d5 {[%emt 0:00:00]} 2. exd5 {[%emt 0:00:00]} Nf6 {[%emt 0:00:00]} 3. Bb5+ {[%emt 0:00:12]} Bd7 {[%emt 0:01:10]} 4. Bc4 {[%emt 0:00:09]} c6 {[%emt 0:04:26]} 5. dxc6 {[%emt 0:02:16]} Nxc6 {[%emt 0:00:06]} 6. Nf3 {[%emt 0:00:45]} Qc7 {[%emt 0:01:30]} 7. d3 {[%emt 0:04:39]} e6 {[%emt 0:03:40]} 8. Nc3 {[%emt 0:02:32]} a6 {[%emt 0:02:20]} 9. h3 {[%emt 0:15:30]} Bd6 {[%emt 0:01:11]} 10. Be3 {[%emt 0:01:01]} b5 {[%emt 0:08:35]} 11. Bb3 {[%emt 0:00:28]} Rc8 {[%emt 0:05:50]} 12. O-O {[%emt 0:01:49]} Ne5 {[%emt 0:16:07]} 13. d4 {[%emt 0:03:34]} Nxf3+ {[%emt 0:04:13]} 14. Qxf3 {[%emt 0:00:09]} Bc6 {[%emt 0:09:19]} 15. d5 {[%emt 0:00:30]} Bb7 {[%emt 0:00:16]} 16. Bg5 {[%emt 0:08:34]} Be5 17. Qe2 {[%emt 0:03:30]} Bxc3 {[%emt 0:16:01]} 18. bxc3 {[%emt 0:01:27]} Nxd5 {[%emt 0:01:00]} 19. c4 {[%emt 0:06:02]} bxc4 {[%emt 0:08:41]} 20. Ba4+ {[%emt 0:00:10]} Kf8 {[%emt 0:01:28]} 21. Qf3 {[%emt 0:04:31]} Nb6 {[%emt 0:05:38]} 22. Qa3+ {[%emt 0:00:31]} Qc5 {[%emt 0:00:22]} 23. Qxc5+ {[%emt 0:00:48]} Rxc5 {[%emt 0:00:01]} 24. Rab1 {[%emt 0:01:18]} Rxg5 {[%emt 0:00:56]} 25. Rxb6 {[%emt 0:00:06]} Rxg2+ {[%emt 0:00:03]} 26. Kh1 {[%emt 0:00:09]} Bf3 {[%emt 0:04:33]} 27. Rb8+ {[%emt 0:00:57]} Ke7 {[%emt 0:00:04]} 28. Rxh8 {[%emt 0:00:10]} Rg3+ {[%emt 0:01:59]} 1/2-1/2

[Event "Galicia-ch U18 2021"]
[Site "Padron"]
[Date "2021.04.03"]
[Round "6.1"]
[White "Perez Dapoza, Cesar"]
[Black "Rodriguez Ferreiros, Andres"]
[Result "1/2-1/2"]
[WhiteElo "1885"]
[BlackElo "2123"]
[Annotator "ChessBase"]
[PlyCount "87"]
[EventDate "2021.04.02"]
[EventType "swiss"]
[EventCountry "ESP"]
[SourceTitle "playchess.com"]
[Source "ChessBase"]
[SourceQuality "1"]
[TimeControl "5400+30"]

1. Nf3 {[%emt 0:00:00]} d5 {[%emt 0:00:34]} 2. g3 {[%emt 0:00:39]} Nf6 {[%emt 0:01:28]} 3. Bg2 {[%emt 0:01:07]} c5 {[%emt 0:01:57]} 4. b3 {[%emt 0:00:44]} Nc6 {[%emt 0:01:11]} 5. Bb2 {[%emt 0:01:24]} e6 {[%emt 0:03:29]} 6. O-O {[%emt 0:02:05]} Be7 {[%emt 0:00:11]} 7. d4 {[%emt 0:02:40]} b6 {[%emt 0:02:54]} 8. dxc5 {[%emt 0:05:51]} bxc5 {[%emt 0:00:24]} 9. c4 {[%emt 0:01:20]} O-O {[%emt 0:01:18]} 10. Ne5 {[%emt 0:03:20]} Bb7 {[%emt 0:04:17]} 11. Nd2 {[%emt 0:03:46]} Qb6 {[%emt 0:06:21]} 12. cxd5 {[%emt 0:07:04]} exd5 {[%emt 0:01:01]} 13. Qb1 {[%emt 0:01:51]} Rfd8 {[%emt 0:12:54]} 14. e4 {[%emt 0:12:18]} Nxe5 {[%emt 0:05:00]} 15. Bxe5 {[%emt 0:00:26]} Qe6 {[%emt 0:09:15]} 16. Bc7 {[%emt 0:15:04]} Rd7 {[%emt 0:05:31]} 17. exd5 {[%emt 0:05:05]} Bxd5 {[%emt 0:03:45]} 18. Re1 {[%emt 0:08:13]} Qc6 {[%emt 0:04:30]} 19. Bxd5 {[%emt 0:00:31]} Nxd5 {[%emt 0:06:26]} 20. Be5 {[%emt 0:00:05]} Nb4 {[%emt 0:02:14]} 21. Bc3 {[%emt 0:04:35]} Rad8 {[%emt 0:02:28]} 22. Nc4 {[%emt 0:01:41]} Nd3 {[%emt 0:03:10]} 23. Ne5 {[%emt 0:02:10]} Nxe5 {[%emt 0:01:02]} 24. Bxe5 {[%emt 0:00:20]} Bf6 {[%emt 0:00:39]} 25. Bxf6 {[%emt 0:01:35]} Qxf6 {[%emt 0:00:18]} 26. Qe4 {[%emt 0:00:04]} g6 {[%emt 0:01:27]} 27. Qe5 {[%emt 0:01:25]} Qxe5 {[%emt 0:02:28]} 28. Rxe5 {[%emt 0:00:04]} Rd2 {[%emt 0:01:50]} 29. Rxc5 {[%emt 0:02:58]} Re2 {[%emt 0:01:31]} 30. Rc3 {[%emt 0:00:18]} Rdd2 {[%emt 0:00:13]} 31. Rf3 {[%emt 0:00:07]} Rxa2 {[%emt 0:00:35]} 32. Rc1 {[%emt 0:00:25]} Re7 {[%emt 0:01:28]} 33. Rcc3 {[%emt 0:03:16]} Rb7 {[%emt 0:01:34]} 34. Rcd3 {[%emt 0:01:32]} Kg7 {[%emt 0:00:38]} 35. Kg2 {[%emt 0:00:36]} Rb2 {[%emt 0:01:26]} 36. Rc3 {[%emt 0:01:03]} h5 {[%emt 0:00:56]} 37. h4 {[%emt 0:00:27]} Rd2 {[%emt 0:01:38]} 38. Rce3 {[%emt 0:02:43]} Kf8 {[%emt 0:00:58]} 39. Rf4 {[%emt 0:01:33]} Rc7 {[%emt 0:02:28]} 40. Re6 {[%emt 0:01:56]} Kg7 {[%emt 0:01:14]} 41. Ra6 {[%emt 0:00:33]} Rb2 {[%emt 0:00:24]} 42. b4 {[%emt 0:00:53]} Rb7 {[%emt 0:00:35]} 43. Kf3 {[%emt 0:00:29]} Rb3+ {[%emt 0:00:54]} 44. Kg2 {[%emt 0:00:28]} 1/2-1/2